00950cam a22002411 4500001001300000003000400013005001700017008004100034010001700075035002000092040001800112042001200130050001600142100002500158245006900183260003000252300004700282490013900329500007400468504009200542500004100634650003300675g 01001044 DLC20260227111253.0920515s1888 gw b 000 0 ger  ag 01001044  a(OCoLC)25819828 aDLCcCStdDLC apremarc00aHD6978b.H21 aHampke, Carl,d1863-04aDas Ausgabebudget der Privatwwirtschaften.cVon Dr. Carl Hampke. aJena,bG. Fischer,c1888. a4 p. l., [v]-vi, 148, [1], lvii p.c24 cm.0 aSammlung nationalökonomischer und statistischer Abhandlungen des staatswissenschaftlichen Seminars zu Halle a.d.S.;v4. Bd., 6. Hft. a"Die Litteratur bezüglich der Erhebung von Ausgabebudget": p. 8-42. a"Die Litteratur über die Erhebung von Budgets zu bestimmte Spezialzwecken": p. 42-45. a[Full name: Paul Rudolf Carl Hampke] 0aCost and standard of living.